000 01248nam a22003497a 4500
003 CHAP
005 20220817043044.0
008 971010s1963 r 10010 d
010 _a64194
011 _a65166
035 _a71428
040 _cCHAP
082 _a631.4063
_bC7
111 0 0 _aCongreso Nacional de la Ciencia del Suelo (
_n1
_d: 1963
_c: México, D. F.)
_927047
245 _aMemorias
260 _aMéxico :
_bLa Sociedad,
_c1963
300 _a473 p
590 _aBATCH-UPD
_b10
_c20130110
_lUCH01
_h1523
590 _aBATCH-UPD
_b10
_c20130410
_lUCH01
_h0934
590 _aBATCH-UPD
_b10
_c20130914
_lUCH01
_h1032
590 _aCONVERSION
_b10
_c20130109
_lUCH01
_h1335
650 1 4 _aSuelos
_xCongresos.
_9110281
650 1 4 _aSuelos
_xCongresos
_xMéxico.
_9110282
710 0 _aSociedad Mexicana de la Ciencia del Suelo.
901 _aBK
942 _cLIBRO
949 _a631.4063 C7
_bBC
_cCONG
_d-144562
_eCONG
_fc.3
_h33002
_i71428
_si
949 _a631.4063 C7
_bBC
_cLIBRO
_d33724000557203
_eLIBRO
_h21166
_i71428
_si
949 _a631.4063 C7
_bBC
_cLIBRO
_d33724000557229
_eLIBRO
_fc.2
_h21167
_i71428
_si
949 _a631.4063 C7
_bS
_cLIBRO
_d-4053
_eLIBRO
_h2501
_i71428
_si
949 _a631.4063 C7
_bS
_cLIBRO
_d-53026
_eLIBRO
_fc.2
_h2502
_i71428
_si
999 _c64194
_d64194